LEADER 01078nam a2200229 a 4500 001 000000113103 003 CaOOAMICUS 005 20080731160455.0 008 080731s2008 it m u001 u ita d 040 $aPUU$bita$drp$dPUL$dLDB 100 1 $aPinton, Daniele.$0(OLS)http://pul/name/69730 245 10$aTesti liturgici "voce della Chiesa" :$bconfronto tra le due istruzioni della Santa Sede "Comme le prévoit" e "Liturgiam authenticam" /$cDaniele Pinton. 260 $aRoma :$b[s.n.],$c2008. 300 $a232 p. ;$c24 cm 502 $aThesis (Theol. D.) - Pont. Univ. Urbaniana - Roma, 2008 504 $aBibliografia: p. 217-232 650 14$aLiturgia.$0(OLS)http://pul/subject/2437 850 $aPUL 852 $aPUL$W1$xDP1 Tesi Pon. Univ. Urbaniana$y49$m2008 B 7$j129130$qTesi$B128346$CPULBib$Z2$F128346 $82 941 1 $a16 996 $6245$aTesti liturgici "voce della Chiesa" :$bconfronto tra le due istruzioni della Santa Sede "Comme le prévoit" e "Liturgiam authenticam"$9(OLS)http://pul/title/142128 996 $6260$aRoma :$b[s.n.]$9(OLS)http://pul/publisher/47958 LEADER 01603nam a2200349 a 4500 001 000000176031 003 CaOOAMICUS 005 20230829112927.0 008 230829s2022 it u000 u ita r 020 $z978-88-467-6324-2* 032 $aLibriCat 040 $aPUL$bita 084 $a236 100 1 $aPeruzzotti, Francesca.$0(OLS)http://pul/name/95723 245 03$aLa prova del tempo :$bnascita, storia, escatologia in Hans Von Balthasar e Jean Luc Marion /$cFrancesca Peruzzotti. 260 $aPisa :$bETS,$c2022. 300 $a279 p. ;$b$c22 cm 440 0$aPhilosophica (ETS)$pSerie rossa ;$v283 504 $aBibliografia in nota a piè pagina. 600 14$aBalthasar, Hans Urs von,$ccard.,$d1905-1988$xTeologia.$0(OLS)http://pul/subject/23332 600 14$aMarion, Jean-Luc,$d1946-$0(OLS)http://pul/subject/21021 650 4$aEscatologia cristiana.$0(OLS)http://pul/subject/9754 830 0$aPhilosophica (ETS)$pSerie rossa ;$v283.$0(OLS)http://pul/title/157046 850 $aPUL 852 $aPUL$W1$xSL Filosofia 3$y81$m103 COLL 13.283$j200195$qDDC 21$B204978$CPULBib$Z2$F204978 $H136444 $82 941 1 $a9 996 $6020$z978-88-467-6324-2*$9(OLS)http://pul/number/169253 996 $6084$a236$9(OLS)http://pul/classification/3370 996 $6245$aLa prova del tempo :$bnascita, storia, escatologia in Hans Von Balthasar e Jean Luc Marion$9(OLS)http://pul/title/217528 996 $6440$aPhilosophica (ETS)$pSerie rossa$9(OLS)http://pul/title/157046 996 $6260$aPisa :$bETS$9(OLS)http://pul/publisher/65234